000 00845nam a2200253 i 4500
001 135000
003 ES-MaACL
005 20230906194803.0
007 t|
008 070705s1977 sp ||||1| spa d
080 _a946.61 Guernica "1937"
080 _a946"1936/39"
100 1 _aThomas, Gordon.
_9110014
245 1 3 _aEl día en que murió Guernica /
_cGordon Thomas y Max Morgan-Witts ; [traducción del inglés de José Mª Martínez Monasterio].
250 _a[1ª ed.].
260 _a[Barcelona] :
_bPlaza & Janés,
_c[1977]
300 _a310 p. ;
_c18 cm.
650 1 4 _aBombardeos-
_zEspaña-
_y1936-39.
_910604
651 4 _aGernika-Lumo-
_xHistoria-
_y1937, Bombardeo.
_9161219
700 1 _aMorgan-Witts, Max.
_983528
700 1 _aMartínez Monasterio, José M.
_9183600
852 _aES-MaACL
_jA-6822
999 _c135000
_d135000